000 00316nam a2200121 a 4500
005 20140414131904.0
008 100922s19uu xx 00 eng d
050 _aFIC
_bM17 2001
100 _aMcGoverm, Ann
245 _aRobinhood of sherwood forest.
260 _aNew York :
_bScholastic ,
_c2001.
999 _c110807
_d110807